Big and busy body : (Record no. 7534)

MARC details
000 -LEADER
fixed length control field 00890nam a22002417a 4500
001 - CONTROL NUMBER
control field 7534
003 - CONTROL NUMBER IDENTIFIER
control field FISKH
005 - DATE AND TIME OF LATEST TRANSACTION
control field 20250723114043.0
008 - FIXED-LENGTH DATA ELEMENTS--GENERAL INFORMATION
fixed length control field 250723b cb ||||| |||| 00| 0 eng d
020 ## - INTERNATIONAL STANDARD BOOK NUMBER
International Standard Book Number 9780312506896
040 ## - CATALOGING SOURCE
Original cataloging agency FISKH
Language of cataloging eng
Transcribing agency FISKH
Modifying agency FISKH
050 ## - LIBRARY OF CONGRESS CALL NUMBER
Classification number QP37.B49
082 ## - DEWEY DECIMAL CLASSIFICATION NUMBER
Classification number 612
100 ## - MAIN ENTRY--PERSONAL NAME
Personal name Priddy, Roger
245 ## - TITLE STATEMENT
Title Big and busy body :
Remainder of title Discover how amazing you are in this incredible journey around the human body /
250 ## - EDITION STATEMENT
Edition statement This edition published in 2009
260 ## - PUBLICATION, DISTRIBUTION, ETC.
Place of publication, distribution, etc. New York :
Name of publisher, distributor, etc. Priddy Book,
Date of publication, distribution, etc. 2008
300 ## - PHYSICAL DESCRIPTION
Extent 10 unnumbered pages :
Other physical details color illustrations ;
Dimensions 29 cm
520 ## - SUMMARY, ETC.
Summary, etc. Fun, interactive learning books Novelties include lift the flap, turn the wheel, foil and acetate overlays Full of reference material, ideal for school projects and homework
650 ## - SUBJECT ADDED ENTRY--TOPICAL TERM
Topical term or geographic name entry element Anatomy
Form subdivision Human body
General subdivision Information
942 ## - ADDED ENTRY ELEMENTS (KOHA)
Source of classification or shelving scheme Dewey Decimal Classification
Koha item type Books
Suppress in OPAC No
Holdings
Withdrawn status Lost status Source of classification or shelving scheme Damaged status Not for loan Collection Home library Current library Shelving location Date acquired Total Checkouts Full call number Barcode Date last seen Copy number Price effective from Koha item type
    Dewey Decimal Classification     Non-Fiction Footprints International School Library Network Toul Kork Campus Footprints International School Library Network Toul Kork Campus A TK Campus, 4th Floor, Room B401, Non-Fiction Bookcases(7-8) 07/23/2025   PRI 612 QP37.B49 2025-2784 07/23/2025 1 07/23/2025 Books